000 00289nam a2200121Ia 4500
008 191201s2019 xx 000 0 und d
100 _aMADE EASY
245 0 _aGate 2020 Computer Science and IT
260 _bMade easy
_c2019
300 _a850
650 _aB.Tech(CSE)
942 _2ddc
_cBK
_02
999 _c7072
_d7072